| 000 | 01240 a2200205 4500 | ||
|---|---|---|---|
| 003 | Nust | ||
| 005 | 20230202120545.0 | ||
| 020 | _a0-86442-321-7 (pbk) ; | ||
| 040 | _cNust | ||
| 082 | _a954,FIN | ||
| 245 | 0 | 0 |
_aIndia : _ba lonely planet travel surival kit / _cHugh Finlay, |
| 250 | _a6. ed. | ||
| 260 |
_aHawthorn, Vic. : _bLonely Planet, _c1996 |
||
| 300 |
_a1145 s. : _bill. (vissa i f䲧), kartor ; _c18 cm |
||
| 440 | 2 |
_aA Lonely Planet travel survival kit, _9108460 |
|
| 505 | _aIntroduction (Page-15), Facts about the Country (Page-17), Sacred India (Page-57), Facts for the Visitor (Page-105), Getting there & Away (Page-169), Getting Around (Page-180), Delhi (Page-209), Punjab & Haryana (Page-249), Jummu and Kashmir (Page-306), Uttar Pradesh (Page-346), Bihar (Page-437), Calcutta (Page-456) West Bengal (Page-483) Sikkim (Page-539), North Estern Region (Page-555), Rajashtan (Page-564), Gujarat (Page-657), Madhya Pradesh (Page-714), Bombay (Page-772), Maharashtra (Page-801), Goa (Page-837), Karnataka (Page-883), Andhra Pradesh (Page-939), Madras (Page-1006), Tamil Nadu (Page-1028), Andaman & Nicobar Island (Page-1095). | ||
| 700 | 1 |
_aCrowther, Geoff. _9108461 |
|
| 700 | 1 |
_aFinlay, Hugh _4oth _9108462 |
|
| 942 |
_2ddc _cBK |
||
| 999 |
_c193996 _d193996 |
||